000 01021nam a22002657a 4500
005 20240530110556.0
008 160308s2013 ua g b 000 0dara d
017 _a20096
_bمصر . دار الكتب المصرية
020 _a9789773771527
040 _aEG-CaGPL
082 0 4 _221
_a332.1\
_bد أ
100 1 _aداس ، ساتياجيت
245 1 0 _aاسطورة المال :
_bسادة العالم و ادمان المخاطر /
_cتاليف ساتياجيت داس ؛ ترجمة علا احمد اصلاح
250 _aط1
260 _aالقاهرة :
_bمجموعة النيل العربية ،
_c2013 .
300 _a597 ص ؛
_c24 سم .
504 _aيشتمل على ارجاعات ببليوجرافية
650 0 4 _aالعالم
_xالاحوال الاقتصادية
650 0 4 _aراس المال
650 0 4 _aالمالية
650 0 4 _aالاستثمار
700 0 _aعلا احمد اصلاح
_eمترجم
942 _2ddc
_cBK
999 _c62569
_d62569